书目信息 |
| 题名: |
永恒的瞬-中外摄影精品欣赏
|
|
| 作者: | 周振德 | |
| 分册: | ||
| 出版信息: | 少年儿童出版社 1997.07 |
|
| 页数: | 319页 | |
| 开本: | 32开 | |
| 丛书名: | ||
| 单 册: | ||
| 中图分类: | J405 | |
| 科图分类: | ||
| 主题词: | 摄影艺术--艺术理论 | |
| 电子资源: | ||
| ISBN: | ||
| 000 | 00548nam0 2200193 45 | |
| 001 | 0308271096 | |
| 005 | 20030827105700.7 | |
| 010 | @dRMB13.50 | |
| 100 | @a20030827d1997 km y0chiy0120 ea | |
| 101 | @achi | |
| 105 | @a z 000yy | |
| 200 | 1 | @a永恒的瞬-中外摄影精品欣赏@Ayong heng de shun-zhong wai she ying jing pin xin shang@f周振德@Fzhou zhen de |
| 210 | @c少年儿童出版社@d1997.07 | |
| 215 | @a319页@c无图表@d32开 | |
| 606 | 0 | @a摄影艺术@x艺术理论 |
| 690 | @aJ405@v3 | |
| 701 | 0 | @a周振德 |
| 801 | @aCN@b@c20030827 | |
| 905 | @aBZT@dJ405@e32 | |
| 永恒的瞬-中外摄影精品欣赏/周振德.-少年儿童出版社,1997.07 |
| 319页:无图表;32开 |
| ISBN :RMB13.50 |
| ● |
| 相关链接 |
|
|
|
正题名:永恒的瞬-中外摄影精品欣赏
索取号:J405/32
 
预约/预借
| 序号 | 登录号 | 条形码 | 馆藏地/架位号 | 状态 | 备注 |
| 1 | 85564 | 200055661 | 中心书库中库/ 中库019架A面1列3层23/ [索取号:J405/32] | 在馆 | |
| 2 | 85565 | 200055652 | 中心书库中库/ 中库019架A面1列3层22/ [索取号:J405/32] | 在馆 | |
| 3 | 85566 | 200055643 | 中心书库中库/ 中库019架A面1列3层24/ [索取号:J405/32] | 在馆 | |
| 4 | 85567 | 200055634 | 中心书库中库/ 中库018架A面6列4层6/ [索取号:J405/32] | 在馆 |